000 00503cam a2200205ua 4500
001 8431
008 150130n xxk |||gr||||Z||||||eng
020 _a0521223245
040 _cMAIN
041 _aeng
082 _a809
100 _aBilan, P,
_eAuthor.
245 1 _aThe literary criticism of F. R. Leavis
_cBy R. P.Bilan
250 _a1st.
260 _aLondon:
_bCambridge,
_c1979.
300 _a338p.
653 _aHistory, description & criticism
653 _aLIterary criticism
942 _cBK
999 _c7539
_d7539